LDR 00598nam a2200169 i 4500 001 000000067714 003 CaOOAMICUS 005 20260402100838.0 008 990331n it u000 u mul u 040 $aSeMil$bita 245 10$a1: Italiano - Tedesco. 300 $aXXIV, 1080 p. 773 0 $aBidoli, Emilio$tDizionario italiano-tedesco, tedesco-italiano.$dTorino : Paravia, 1964.$gParte1$w()3305 850 $aSeMil 852 $aSeMil$W1$xVenegono$y1$m1P III 37/1$j269610$B33867$CSeMilBibl$Z2$F33870 $81 996 $6245$a1: Italiano - Tedesco$9(OLS)http://semarc/title/107935